Les pays des Indes Britanniques et leurs capitales - Statistiques

Statistiques générales
  • Ce quiz a été pris 363 fois
  • Le résultat moyen est 11 sur 16
Statistiques - réponses
Réponse % Correct
Inde
97%
New Delhi
96%
Pakistan
93%
Bangladesh
90%
Sri Lanka
84%
Birmanie
82%
Islamabad
82%
Dacca
73%
Colombo
62%
Ceylan
58%
Karachi
58%
Rangoon
48%
Sri Jayawardenapura Kotte
44%
Naypyidaw
38%
Pakistan Oriental
37%
Pakistan Occidental
30%
Aucun quiz correspondant
Distribution des résultats
% des personnes avec chaque résultat
Percentile par nombre de réponses
Votre historique - résultats
Vous n’avez pas pris ce quiz